Central Library OPAC University of Rajshahi
Normal view MARC view

Entry Personal Name

Number of records used in: 2

001 - CONTROL NUMBER

  • control field: 14431

003 - CONTROL NUMBER IDENTIFIER

  • control field: BD-RjUL

005 - DATE AND TIME OF LATEST TRANSACTION

  • control field: 20241126095825.0

008 - FIXED-LENGTH DATA ELEMENTS

  • fixed length control field: 241126|| aca||aabn | a|a d

040 ## - CATALOGING SOURCE

  • Original cataloging agency: BD-RjUL
  • Transcribing agency: BD-RjUL

100 ## - HEADING--PERSONAL NAME

  • Personal name: Khan, Md. Nuruzzaman, Co-Supervisor

670 ## - SOURCE DATA FOUND

  • Source citation: Work cat.: (BD-RjUL)84369: Islam, Mohammad Zahidul 14428, Determinants of Short Birth Interval and its Adverse Effects on Child Health Outcomes in Bangladesh /, 2023